000
00336nam a2200133Ia 4500
008
231017s9999 xx 000 0 und d
082
_a
625.8
082
_b
JON
245
0
_a
Comparison of project level and network level pavement strength assessment
245
0
_c
Austroads
260
_b
Austroads
300
_c
30cm
942
_c
REP
999
_c
606312
_d
606312